000 00654nam a2200229Ia 4500
003 OSt
005 20221007071751.0
006 a|||||r|||| 00| 0
007 ta
008 221006b |||||||| |||| 00| 0 eng d
024 _a16,726
037 _cTextual
040 _aFLL
_cFLL
_beng
041 _2eng
_aeng
082 _aY1:45:69534.3.N7, L1
100 _aSimon Frances H.
_9689386
245 0 _aPrediction methods in criminology
260 _aLondon
_bHer Majesty's Stationery Office 1971 England
_c1971
300 _a233p
_ccm.
942 _hY1:45:69534.3.N7, L1
_cTEXL
_2CC
999 _c1144216
_d1144216